| 000 | 00543cam a2200181ua 4500 | ||
|---|---|---|---|
| 020 | _c42.50 | ||
| 041 |
_aeng _h |
||
| 082 |
_a681 _bGAD/DI |
||
| 100 | _aGadzala, John.L . | ||
| 245 |
_aDimensional control in precision manufacturing : As applied in production machine to effect higher production and lower unit costs / _cL.John Gadzala. _hTextual Documents |
||
| 250 |
_a1 / _b. |
||
| 260 |
_a : _bMc Graw Hill Book Company , _c1959. |
||
| 300 | _a203 ; . | ||
| 365 | _a42.50 | ||
| 504 | _a | ||
| 942 | _cBK | ||
| 999 |
_c1654 _d1654 |
||